| 000 | 00417nam a22001697a 4500 | ||
|---|---|---|---|
| 003 | MPLRDC | ||
| 005 | 20220104124845.0 | ||
| 008 | 210129b ||||| |||| 00| 0 eng d | ||
| 082 | _a220.8 DBY v.8 | ||
| 100 | _a郑财和编著 | ||
| 245 |
_a定: 如来禅定静坐 _c |
||
| 260 |
_a _b环宇出版社 _c |
||
| 300 | _b平 | ||
| 490 | _a第八意识文库. 8 | ||
| 650 | _a佛教丛书 | ||
| 942 |
_cBK _o220.8 DBY v.8 |
||
| 999 |
_c22709 _d22699 |
||